Sports Quiz

Random Sports or NCAA Quiz

NCAA Helmets III Quiz Stats

 Plays Quiz Updated Sep 21, 2018

Also try: NCAA Helmets II
Challenge
Share
Tweet
Score 0/24 Timer 05:00
6 Plays Today
Team % Correct
Iowa State
96.1%
Duke
95.3%
West Virginia
95.2%
Michigan
93.6%
Wake Forest
93.5%
Tennessee
92.5%
Arizona
90.3%
Utah
90.2%
Baylor
88.8%
Mississippi State
87.7%
Northwestern
86.4%
Ohio State
85.1%
Team % Correct
Bowling Green
81.3%
East Carolina
79.8%
Connecticut
78.1%
Oregon State
77.9%
Louisiana Tech
76.3%
Rice
74.1%
Western Kentucky
70%
Akron
63.7%
San Diego State
59.2%
Army
49.4%
Middle Tennessee State
45.5%
San Jose State
43.6%

You're not logged in!

Compare scores with friends on all Sporcle quizzes.
OR
Log In

You Might Also Like...

Show Comments

Extras

Top Quizzes Today


Score Distribution

Your Account Isn't Verified!

In order to create a playlist on Sporcle, you need to verify the email address you used during registration. Go to your Sporcle Settings to finish the process.

Report this User

Report this user for behavior that violates our Community Guidelines.

Details: